[Event "Top16"]
[Site "Evry"]
[Date "2004.04.02"]
[Round "5"]
[White "Gervais, Claire"]
[Black "Fruteau, Sabine"]
[Result "0-1"]
[WhiteElo "2148"]
[BlackElo "2120"]
[PlyCount "132"]
[EventDate "2004.04.02"]
[WhiteTeam "Gonfreville"]
[BlackTeam "Strasbourg"]

1. d4 e6 2. c4 d5 3. Nc3 Be7 4. cxd5 exd5 5. Bf4 c6 6. Qc2 Nf6 7. e3 O-O 8. Bd3
Re8 9. Nge2 Nbd7 10. O-O Nf8 11. Rab1 a5 12. h3 Bd6 13. Bg5 Ng6 14. Bf5 h6 15.
Bxf6 Qxf6 16. Bxc8 Raxc8 17. Kh1 Qe6 18. Ng1 Nh4 19. Qd1 Nf5 20. Nf3 g5 21. g4
Ng7 22. Ng1 Rf8 23. Qf3 Rce8 24. Rbe1 f5 25. Qg2 Qf6 26. f3 h5 27. e4 fxe4 28.
fxe4 Qxd4 29. Nf3 Qc4 30. e5 Bxe5 31. Nxe5 Rxf1+ 32. Rxf1 Rxe5 33. Qf3 Re8 34.
gxh5 Qf4 35. Qxf4 gxf4 36. Rxf4 Nxh5 37. Rg4+ Kf7 38. Kg2 Nf6 39. Ra4 b6 40.
Rf4 Re3 41. h4 Kg6 42. Kf2 Rh3 43. Kg2 Rd3 44. Rf2 Ne4 45. Nxe4 dxe4 46. Rc2 c5
47. a3 a4 48. Kf2 Rb3 49. Rc4 Rxb2+ 50. Ke3 Rb3+ 51. Kxe4 Rxa3 52. Kd5 Rd3+ 53.
Kc6 Rd4 54. Rc1 Rb4 55. Ra1 Kh5 56. Kd5 Kxh4 57. Ra3 Kg4 58. Rc3 Kf4 59. Rh3 c4
60. Kd4 b5 61. Rh8 Rb1 62. Rf8+ Kg3 63. Kc3 a3 64. Ra8 Rb3+ 65. Kc2 Kf2 66.
Rf8+ Ke2 0-1

[Event "Top16"]
[Site "Evry"]
[Date "2004.04.02"]
[Round "5"]
[White "Adrian, Claude"]
[Black "Jussupow, Arthur"]
[Result "0-1"]
[WhiteElo "2318"]
[BlackElo "2589"]
[PlyCount "88"]
[EventDate "2004.04.02"]
[WhiteTeam "Nancy"]
[BlackTeam "Evry"]

1. c4 e5 2. g3 Nc6 3. Bg2 g6 4. Nc3 Bg7 5. e3 d6 6. Nge2 Nh6 7. Rb1 O-O 8. O-O
Be6 9. d3 Qd7 10. b4 Bh3 11. b5 Bxg2 12. Kxg2 Nd8 13. a4 Ne6 14. a5 f5 15. f4
a6 16. Nd5 axb5 17. Rxb5 Rab8 18. Ba3 c6 19. Nb6 Qc7 20. Rb3 Ng4 21. Qd2 exf4
22. gxf4 Rbe8 23. Rf3 Nc5 24. Bxc5 dxc5 25. h3 Nf6 26. Qa2 Rf7 27. Qa3 Bf8 28.
a6 bxa6 29. Qxa6 Rfe7 30. Kf2 Re6 31. Qa2 Qe7 32. Qd2 Nh5 33. Na4 Qh4+ 34. Kg2
g5 35. fxg5 Qxg5+ 36. Kf2 Bh6 37. d4 f4 38. Nxf4 Qh4+ 39. Kg1 Bxf4 40. exf4
Re1+ 41. Rf1 Rxf1+ 42. Kxf1 Ng3+ 43. Rxg3+ Qxg3 44. Nxc5 Re3 0-1

[Event "Top16"]
[Site "Evry"]
[Date "2004.04.02"]
[Round "5"]
[White "Vallin, Guillaume"]
[Black "Aguettaz, Maxime"]
[Result "1-0"]
[WhiteElo "2419"]
[BlackElo "2344"]
[PlyCount "67"]
[EventDate "2004.04.02"]
[WhiteTeam "Gonfreville"]
[BlackTeam "Strasbourg"]

1. d4 Nf6 2. c4 g6 3. Nc3 Bg7 4. e4 d6 5. f4 O-O 6. Nf3 c5 7. dxc5 Qa5 8. Bd3
Qxc5 9. Qe2 Bg4 10. Be3 Qa5 11. O-O Nc6 12. Rac1 Nd7 13. Qf2 Bxf3 14. gxf3 Rac8
15. Rfd1 Nb4 16. Bb1 Rxc4 17. a3 Nc6 18. Ba2 Rxc3 19. bxc3 Qxa3 20. Rb1 Nc5 21.
e5 b6 22. Bd5 Rc8 23. Qd2 Qa6 24. Ra1 Qb7 25. Bxc5 bxc5 26. e6 f5 27. Rdb1 Qc7
28. Ra6 Nb8 29. Ra4 Nc6 30. Qd3 a5 31. Qa6 Nb4 32. cxb4 cxb4 33. Rxa5 Qc2 34.
Qxc8+ 1-0

[Event "Top16"]
[Site "Evry"]
[Date "2004.04.02"]
[Round "5"]
[White "Galdunts, Sergey"]
[Black "Adams, Michael"]
[Result "0-1"]
[WhiteElo "2506"]
[BlackElo "2720"]
[PlyCount "52"]
[EventDate "2004.04.02"]
[WhiteTeam "Bischwiller"]
[BlackTeam "NAO"]

1. e4 e5 2. Nf3 Nc6 3. Nc3 Nf6 4. g3 Bb4 5. Bg2 Bxc3 6. dxc3 d6 7. Bg5 h6 8.
Bxf6 Qxf6 9. Nd2 h5 10. Nc4 h4 11. Ne3 Be6 12. Qe2 O-O-O 13. O-O-O Kb8 14. a4
Qg5 15. b4 h3 16. Bf1 d5 17. exd5 Rxd5 18. Rxd5 Bxd5 19. Rg1 Be6 20. a5 e4 21.
a6 Ne5 22. axb7 Bc4 23. Qd1 Rd8 24. Qxd8+ Qxd8 25. Bxc4 Qf6 26. Rd1 Qxf2 0-1

[Event "Top16"]
[Site "Evry"]
[Date "2004.04.02"]
[Round "5"]
[White "Schlosser, Philipp"]
[Black "Grischuk, Alexander"]
[Result "1/2-1/2"]
[WhiteElo "2560"]
[BlackElo "2719"]
[PlyCount "53"]
[EventDate "2004.04.02"]
[WhiteTeam "Bischwiller"]
[BlackTeam "NAO"]

1. d4 Nf6 2. c4 e6 3. Nf3 b6 4. g3 Ba6 5. b3 Bb4+ 6. Bd2 Be7 7. Bg2 c6 8. O-O
d5 9. Qc2 Nbd7 10. Rd1 O-O 11. Bf4 Rc8 12. Nc3 h6 13. e4 dxc4 14. Nd2 b5 15.
bxc4 bxc4 16. Bf1 Nb6 17. a4 Bb4 18. a5 Nbd7 19. Ra4 Qe7 20. Nxc4 Bxc4 21. Bxc4
Bxc3 22. Qxc3 Nxe4 23. Qb4 Qxb4 24. Rxb4 g5 25. Rb7 gxf4 26. Rxd7 Ra8 27. gxf4
1/2-1/2

[Event "Top16"]
[Site "Evry"]
[Date "2004.04.02"]
[Round "5"]
[White "Chuchelov, Vladimir"]
[Black "Sharif, Mershad"]
[Result "1/2-1/2"]
[WhiteElo "2593"]
[BlackElo "2462"]
[PlyCount "77"]
[EventDate "2004.04.02"]
[WhiteTeam "Mulhouse"]
[BlackTeam "Nice"]

1. Nf3 e6 2. c4 b6 3. g3 Bb7 4. Bg2 f5 5. O-O Nf6 6. d4 g6 7. Nc3 Bg7 8. Qc2
O-O 9. Bf4 Ne4 10. Nb5 a6 11. Nc3 Nxc3 12. Qxc3 d6 13. Qe3 Re8 14. Bg5 Qd7 15.
Rad1 Nc6 16. Bh6 e5 17. Bxg7 Qxg7 18. d5 Nd8 19. Qc3 a5 20. e4 f4 21. gxf4 exf4
22. Qxg7+ Kxg7 23. Nd4 Bc8 24. Nb5 Re7 25. e5 Rxe5 26. Nxc7 Rb8 27. Nb5 Nf7 28.
Nd4 Bg4 29. Rd2 Rbe8 30. f3 Bd7 31. Kf2 Re3 32. Rc1 g5 33. Bf1 Ne5 34. Be2 h5
35. Rg1 g4 36. fxg4 hxg4 37. Ne6+ Bxe6 38. dxe6 Rxe6 39. Bxg4 1/2-1/2

[Event "Top16"]
[Site "Evry"]
[Date "2004.04.02"]
[Round "5"]
[White "Marzolo, Cyril"]
[Black "Nikolaidis, Ioannis"]
[Result "1/2-1/2"]
[WhiteElo "2462"]
[BlackElo "2506"]
[PlyCount "29"]
[EventDate "2004.04.02"]
[WhiteTeam "Mulhouse"]
[BlackTeam "Nice"]

1. d4 Nf6 2. c4 e6 3. Nc3 Bb4 4. e3 c5 5. Bd3 d5 6. Nf3 O-O 7. O-O dxc4 8. Bxc4
Nbd7 9. a3 Ba5 10. Bd2 cxd4 11. exd4 Bxc3 12. Bxc3 Qe7 13. Qe2 b6 14. Bd3 Bb7
15. Rfe1 {suite illisible. Nulle au 21eme coup.} 1/2-1/2

[Event "Top16"]
[Site "Evry"]
[Date "2004.04.02"]
[Round "5"]
[White "Vaisser, Anatoly"]
[Black "Sutovsky, Emil"]
[Result "1/2-1/2"]
[WhiteElo "2573"]
[BlackElo "2666"]
[PlyCount "83"]
[EventDate "2004.04.02"]
[WhiteTeam "Nice"]
[BlackTeam "Mulhouse"]

1. d4 Nf6 2. c4 g6 3. Nc3 d5 4. cxd5 Nxd5 5. e4 Nxc3 6. bxc3 Bg7 7. Bc4 c5 8.
Ne2 Nc6 9. Be3 cxd4 10. cxd4 b5 11. Bxb5 Qa5+ 12. Nc3 Qxc3+ 13. Bd2 Qxd4 14.
Bxc6+ Bd7 15. Bxa8 Qxa1 16. Qxa1 Bxa1 17. O-O Bd4 18. Bh6 e5 19. Bg7 Rg8 20.
Bf6 Ba4 21. Bd5 Kd7 22. Rb1 Bc6 23. Bxc6+ Kxc6 24. Kf1 g5 25. Be7 Kd7 26. Ba3
Rc8 27. Rc1 Rb8 28. h3 h5 29. Ke2 g4 30. hxg4 hxg4 31. Rc2 Rb6 32. Bc1 Ra6 33.
f3 gxf3+ 34. gxf3 Rg6 35. f4 Rg2+ 36. Kd3 Rg3+ 37. Kc4 Kc6 38. fxe5 Bxe5 39.
Bb2 f6 40. Bxe5 fxe5 41. Rh2 Ra3 42. Kb4 1/2-1/2

[Event "Top16"]
[Site "Evry"]
[Date "2004.04.02"]
[Round "5"]
[White "Sokolov, Andrei"]
[Black "Agrest, Evgenij"]
[Result "1/2-1/2"]
[WhiteElo "2585"]
[BlackElo "2616"]
[PlyCount "49"]
[EventDate "2004.04.02"]
[WhiteTeam "Mulhouse"]
[BlackTeam "Nice"]

1. e4 c5 2. Nf3 d6 3. d4 cxd4 4. Nxd4 Nf6 5. Nc3 a6 6. Be3 e5 7. Nf3 Qc7 8. a4
h6 9. Nd2 Be6 10. Be2 Be7 11. O-O O-O 12. a5 Nbd7 13. Bf3 b5 14. axb6 Nxb6 15.
Be2 a5 16. Bd3 Rfb8 17. Qe2 Nbd7 18. Rfb1 Nc5 19. Bc4 Qc6 20. f3 Bd8 21. b3 Bb6
22. Bb5 Qc7 23. f4 Ba7 24. Rd1 a4 25. bxa4 {
Suite illisible, nulle au 41eme coup} 1/2-1/2

[Event "Top16"]
[Site "Evry"]
[Date "2004.04.02"]
[Round "6"]
[White "Aguettaz, Maxime"]
[Black "Brochet, Philippe"]
[Result "1/2-1/2"]
[WhiteElo "2344"]
[BlackElo "2397"]
[PlyCount "41"]
[EventDate "2004.04.02"]
[WhiteTeam "Strasbourg"]
[BlackTeam "Evry"]

1. Nf3 d5 2. c4 e6 3. g3 Nf6 4. Bg2 c6 5. b3 Be7 6. Bb2 O-O 7. O-O a5 8. d4
Nbd7 9. Nc3 b6 10. e4 Nxe4 11. Nxe4 dxe4 12. Ne5 Nxe5 13. dxe5 Qc7 14. Bxe4 Bb7
15. Qf3 Rfd8 16. Rfd1 g6 17. h4 Bf8 18. Rxd8 Rxd8 19. Rd1 Rd7 20. Rxd7 Qxd7 21.
Qd3 1/2-1/2

[Event "Top16"]
[Site "Evry"]
[Date "2004.04.03"]
[Round "6"]
[White "Pelletier, Yannick"]
[Black "Lautier, Joel"]
[Result "1/2-1/2"]
[WhiteElo "2587"]
[BlackElo "2676"]
[PlyCount "41"]
[EventDate "2004.04.02"]
[WhiteTeam "Mulhouse"]
[BlackTeam "NAO"]

1. c4 c5 2. Nf3 Nc6 3. d4 cxd4 4. Nxd4 Nf6 5. Nc3 e6 6. Ndb5 d5 7. Bf4 e5 8.
cxd5 exf4 9. dxc6 bxc6 10. Qxd8+ Kxd8 11. O-O-O+ Bd7 12. Nd6 Kc7 13. Nxf7 Rg8
14. Ne5 Bf5 15. Nd3 g5 16. g3 Ne4 17. Nxe4 Bxe4 18. Rg1 Bxd3 19. exd3 Bg7 20.
d4 fxg3 21. fxg3 1/2-1/2

[Event "Top16"]
[Site "Evry"]
[Date "2004.04.03"]
[Round "6"]
[White "Midoux, Sebastien"]
[Black "Adrian, Claude"]
[Result "1/2-1/2"]
[WhiteElo "2315"]
[BlackElo "2318"]
[PlyCount "30"]
[EventDate "2004.04.02"]
[WhiteTeam "Gonfreville"]
[BlackTeam "Nancy"]

1. e4 e6 2. d4 d5 3. Nc3 Bb4 4. Nge2 dxe4 5. a3 Bxc3+ 6. Nxc3 Nc6 7. Bb5 Nge7
8. Bg5 f6 9. Be3 O-O 10. Qd2 f5 11. O-O-O a6 12. Bxc6 Nxc6 13. Bg5 Qe8 14. f3
e5 15. dxe5 Qxe5 1/2-1/2

[Event "Top16"]
[Site "Evry"]
[Date "2004.04.03"]
[Round "6"]
[White "Moskalenko, Viktor"]
[Black "Varga, Peter"]
[Result "1-0"]
[WhiteElo "2552"]
[BlackElo "2464"]
[PlyCount "89"]
[EventDate "2004.04.02"]
[WhiteTeam "Evry"]
[BlackTeam "Strasbourg"]

1. d4 d5 2. c4 c6 3. Nf3 Nf6 4. Nc3 dxc4 5. a4 Bf5 6. e3 e6 7. Bxc4 Bb4 8. O-O
O-O 9. Nh4 Nbd7 10. f3 Bg6 11. Nxg6 hxg6 12. e4 e5 13. Be3 Qb6 14. Kh1 a5 15.
f4 Bxc3 16. bxc3 Nxe4 17. Qd3 exd4 18. Bxd4 c5 19. Bxg7 Kxg7 20. Qxe4 Nf6 21.
Qf3 Qc6 22. Bb5 Qxf3 23. Rxf3 Rfd8 24. Re1 Kf8 25. h3 Rd2 26. f5 g5 27. Rg3
Rad8 28. Kh2 Rd1 29. Ree3 Nh7 30. h4 f6 31. Rg4 R1d5 32. Rge4 gxh4 33. Rxh4 Ng5
34. Rh6 R5d6 35. Bc4 b6 36. Rg6 Nf7 37. Rh3 R8d7 38. Rh7 Rc7 39. Be6 Rdd7 40.
Bxd7 Rxd7 41. Rxf6 Kg8 42. Rh3 Rd6 43. Rxd6 Nxd6 44. Rh6 Nxf5 45. Rxb6 1-0

[Event "Top16"]
[Site "Evry"]
[Date "2004.04.03"]
[Round "6"]
[White "Eliet, Nicolas"]
[Black "Mourot, Felix"]
[Result "1-0"]
[WhiteElo "2413"]
[BlackElo "2114"]
[PlyCount "121"]
[EventDate "2004.04.02"]
[WhiteTeam "Gonfreville"]
[BlackTeam "Nancy"]

1. d4 c5 2. d5 Nf6 3. Nf3 g6 4. Nc3 d6 5. e4 Bg7 6. Bb5+ Bd7 7. a4 O-O 8. h3 b6
9. O-O a6 10. Be2 Bc8 11. Bf4 Bb7 12. Qd2 Nbd7 13. Rad1 Ne8 14. Rfe1 Nc7 15.
Bf1 f6 16. Bh2 Rb8 17. Nh4 Bc8 18. f4 b5 19. Nf3 b4 20. Nb1 a5 21. c4 bxc3 22.
Nxc3 Rb4 23. h4 Bb7 24. h5 Re8 25. hxg6 hxg6 26. Nh4 Nf8 27. f5 g5 28. Nf3 Nh7
29. Bg3 Bc8 30. Qc2 Bd7 31. Nd2 Qb8 32. b3 Qa7 33. Bf2 Reb8 34. Re3 Be8 35. Be2
Nf8 36. Na2 R4b7 37. Nc1 Na6 38. Nc4 Nb4 39. Qc3 Ra8 40. Rh3 Qb8 41. Be3 Bf7
42. Kf2 Qc8 43. Bf3 Nd7 44. Rdh1 Kf8 45. Ne2 Ke8 46. Rh7 Bf8 47. Bd2 Na2 48.
Qe3 Qb8 49. Rb1 Nb4 50. Rb2 Nb6 51. Nxb6 Rxb6 52. Nc3 c4 53. Be2 Nd3+ 54. Bxd3
cxd3 55. Qxd3 Rxb3 56. Rxb3 Qxb3 57. Rh1 Qb6+ 58. Be3 Qa6 59. Nb5 Kd8 60. Rh7
Be8 61. Rh8 1-0

[Event "Top16"]
[Site "Evry"]
[Date "2004.04.03"]
[Round "6"]
[White "Simon, Olivier"]
[Black "Roos, Louis"]
[Result "1/2-1/2"]
[WhiteElo "2292"]
[BlackElo "2362"]
[PlyCount "78"]
[EventDate "2004.04.02"]
[WhiteTeam "Evry"]
[BlackTeam "Strasbourg"]

1. e4 e6 2. d4 d5 3. Nc3 Bb4 4. e5 b6 5. Qg4 Bf8 6. Nf3 Ba6 7. Bxa6 Nxa6 8. O-O
Qd7 9. Ne2 Ne7 10. c3 c5 11. Ng3 cxd4 12. cxd4 g6 13. Bg5 h6 14. Bf6 Rg8 15.
Qf4 Nf5 16. Rfc1 Qb5 17. Qd2 Bb4 18. Qc2 Be7 19. Qd2 Kd7 20. Nxf5 gxf5 21. Bxe7
Kxe7 22. Qxh6 Rg6 23. Qh4+ Kd7 24. Qh7 Rf8 25. Nh4 Rg5 26. Qh6 Rfg8 27. Qf6
R8g7 28. Nxf5 Rxf5 29. Qxg7 Qxb2 30. Kh1 Qxd4 31. Qf8 Nc5 32. Qd6+ Ke8 33. Qb8+
Ke7 34. Qxa7+ Nd7 35. Rab1 Qxf2 36. Qa3+ Kd8 37. Qa8+ Ke7 38. Qa3+ Kd8 39. Qa8+
Ke7 1/2-1/2

[Event "Top16"]
[Site "Evry"]
[Date "2004.04.03"]
[Round "6"]
[White "Svidler, Peter"]
[Black "Chuchelov, Vladimir"]
[Result "1-0"]
[WhiteElo "2747"]
[BlackElo "2593"]
[PlyCount "69"]
[EventDate "2004.04.02"]
[WhiteTeam "NAO"]
[BlackTeam "Mulhouse"]

1. e4 c5 2. Nf3 Nc6 3. Bb5 g6 4. O-O Bg7 5. c3 Nf6 6. d4 Nxe4 7. d5 Nb8 8. Re1
Nf6 9. Be3 b6 10. d6 e6 11. b4 cxb4 12. cxb4 Bb7 13. Nc3 O-O 14. Rc1 Nc6 15. a3
Qb8 16. h3 Rc8 17. Qd2 a5 18. Na4 Ne4 19. Qd3 Nxd6 20. Nxb6 Nxb5 21. Qxb5 axb4
22. axb4 Rd8 23. Red1 Ba6 24. Qc5 Bf8 25. Qg5 Be7 26. Qh6 Bf8 27. Qh4 Be2 28.
Ng5 h6 29. Ne4 Be7 30. Nf6+ Bxf6 31. Qxf6 Bxd1 32. Rxc6 Ra1 33. Bd4 e5 34. Bxa1
Re8 35. Rd6 1-0

[Event "Top16"]
[Site "Evry"]
[Date "2004.04.03"]
[Round "6"]
[White "Bacrot, Etienne"]
[Black "Bricard, Emmanuel"]
[Result "1-0"]
[WhiteElo "2453"]
[BlackElo "2664"]
[PlyCount "103"]
[EventDate "2004.04.02"]
[WhiteTeam "NAO"]
[BlackTeam "Mulhouse"]

1. e4 g6 2. d4 d6 3. c4 Bg7 4. Nc3 c5 5. d5 e6 6. Nf3 Bxc3+ 7. bxc3 e5 8. Bg5
f6 9. Be3 Nd7 10. h4 h5 11. Be2 Qe7 12. Nd2 Nh6 13. f3 Nf8 14. Qa4+ Qd7 15. Qb3
Nf7 16. O-O-O Kd8 17. Rdf1 Kc7 18. g4 Qe7 19. gxh5 Rxh5 20. f4 exf4 21. Rxf4
Rh8 22. Rhf1 Nh7 23. Qd1 Bd7 24. Qe1 Raf8 25. Qg3 Ne5 26. R4f2 Rhg8 27. Nf3 b6
28. Nxe5 fxe5 29. Bh6 Rxf2 30. Qxf2 Be8 31. Bg4 Rh8 32. Be6 Kb8 33. Kb2 Ka8 34.
Qf3 b5 35. Qf2 bxc4 36. Ka1 Qc7 37. Qe2 Ba4 38. Qxc4 Qa5 39. Rb1 Rb8 40. Rxb8+
Kxb8 41. Bf7 Nf6 42. Bxg6 Nd7 43. Bd2 Nb6 44. Qd3 c4 45. Qb1 Qc5 46. h5 Qf2 47.
Qe1 Qg2 48. Bf5 Bd7 49. Bh7 Na4 50. h6 Nc5 51. Bf5 Nd3 52. h7 1-0

[Event "Top16"]
[Site "Evry"]
[Date "2004.04.03"]
[Round "6"]
[White "Grischuk, Alexander"]
[Black "Sokolov, Andrei"]
[Result "1/2-1/2"]
[WhiteElo "2719"]
[BlackElo "2585"]
[PlyCount "103"]
[EventDate "2004.04.02"]
[WhiteTeam "NAO"]
[BlackTeam "Mulhouse"]

1. e4 c5 2. Nf3 e6 3. d4 cxd4 4. Nxd4 Nc6 5. Nc3 Qc7 6. Be3 a6 7. Qd2 Nf6 8. f3
b5 9. g4 h6 10. Nxc6 Qxc6 11. O-O-O Bb7 12. Kb1 d6 13. Rg1 Be7 14. h4 Nd7 15.
Ne2 Ne5 16. Nd4 Qc7 17. g5 hxg5 18. hxg5 g6 19. Qf2 Nc6 20. Nb3 Rc8 21. Bb6 Qb8
22. Bd3 Ne5 23. Bd4 Nxd3 24. cxd3 e5 25. Ba7 Qc7 26. Bb6 Qd7 27. d4 exd4 28.
Bxd4 Rh3 29. Rh1 Bxg5 30. Qg2 Rxh1 31. Rxh1 Bf4 32. Rh4 Be5 33. Bxe5 dxe5 34.
a3 Qd3+ 35. Ka2 Qc4 36. Qd2 Qe6 37. Rh1 Ke7 38. Qg5+ Qf6 39. Qe3 Kf8 40. Nc5
Bc6 41. Nxa6 Bd7 42. Nc5 Be8 43. Ka1 Qf4 44. Qd3 Kg7 45. Qd6 Rc6 46. Qb8 Qxf3
47. Qxe5+ f6 48. Qxe8 Qxh1+ 49. Ka2 Rxc5 50. Qe7+ Kh6 51. Qf8+ Kh7 52. Qf7+
1/2-1/2

[Event "Top16"]
[Site "Evry"]
[Date "2004.04.03"]
[Round "6"]
[White "Vallin, Guillaume"]
[Black "Taddei, Benoit"]
[Result "1-0"]
[WhiteElo "2419"]
[BlackElo "2340"]
[PlyCount "73"]
[EventDate "2004.04.02"]
[WhiteTeam "Gonfreville"]
[BlackTeam "Nancy"]

1. d4 Nf6 2. c4 g6 3. Nc3 d5 4. Bf4 Bg7 5. e3 c5 6. dxc5 Qa5 7. Qb3 Na6 8. cxd5
Nxc5 9. Qb5+ Qxb5 10. Bxb5+ Bd7 11. Rd1 Nh5 12. Bxd7+ Kxd7 13. Nge2 Nxf4 14.
exf4 b5 15. b4 Nb7 16. Nxb5 a5 17. Rc1 Rhc8 18. Rxc8 Kxc8 19. bxa5 Rxa5 20.
Nbc3 Nd6 21. Kd2 Kd7 22. Rb1 f5 23. f3 Bf6 24. a4 Rc5 25. Kd3 Ra5 26. Rb4 Rc5
27. Rb6 Ra5 28. Nd4 Rc5 29. Rc6 Ra5 30. Rb6 Rc5 31. g3 h6 32. Rb4 Ke8 33. Rb8+
Kd7 34. Rd8+ Kxd8 35. Ne6+ Kd7 36. Nxc5+ Kc7 37. Nb5+ 1-0

[Event "Top16"]
[Site "Evry"]
[Date "2004.04.03"]
[Round "6"]
[White "Hernandez, Gilberto"]
[Black "Kallai, Gabor"]
[Result "1/2-1/2"]
[WhiteElo "2538"]
[BlackElo "2497"]
[PlyCount "59"]
[EventDate "2004.04.02"]
[WhiteTeam "Evry"]
[BlackTeam "Strasbourg"]

1. e4 c6 2. d4 d5 3. Nd2 dxe4 4. Nxe4 Bf5 5. Ng3 Bg6 6. h4 h6 7. Nf3 Nd7 8. h5
Bh7 9. Bd3 Bxd3 10. Qxd3 e6 11. Bf4 Qa5+ 12. Bd2 Bb4 13. Ne4 Bxd2+ 14. Nfxd2
Ngf6 15. Nd6+ Ke7 16. N6c4 Qd5 17. Ne3 Qa5 18. Nec4 Qd5 19. O-O-O c5 20. Nb3
Rhc8 21. Ne3 Qe4 22. Qxe4 Nxe4 23. Rh4 cxd4 24. Nxd4 Nef6 25. g4 Rc5 26. f3 Re5
27. Nc4 Rc5 28. Ne3 Re5 29. Nc4 Rc5 30. Ne3 1/2-1/2

[Event "Top16"]
[Site "Evry"]
[Date "2004.04.03"]
[Round "6"]
[White "Heinz, Thimothee"]
[Black "Nicoara, Malina"]
[Result "1/2-1/2"]
[WhiteElo "2129"]
[BlackElo "2252"]
[PlyCount "79"]
[EventDate "2004.04.02"]
[WhiteTeam "Bischwiller"]
[BlackTeam "Nice"]

1. e4 c5 2. Nf3 Nc6 3. d4 cxd4 4. Nxd4 g6 5. c4 Bg7 6. Be3 Nf6 7. Nc3 d6 8. Be2
O-O 9. O-O Bd7 10. Nc2 a5 11. f3 a4 12. Qd2 Qa5 13. Rfd1 Rfc8 14. Rac1 Be6 15.
Nd5 Qxd2 16. Bxd2 Bxd5 17. cxd5 Na5 18. Ne3 Bh6 19. Kf2 b6 20. Bb5 a3 21. b4
Nb7 22. Rxc8+ Rxc8 23. Rc1 Rxc1 24. Bxc1 e6 25. dxe6 fxe6 26. Bxa3 d5 27. Bb2
Nd6 28. Bxf6 Nxb5 29. exd5 Kf7 30. Bb2 Bxe3+ 31. Kxe3 exd5 32. a4 Nd6 33. Kd4
Nc4 34. Bc1 Ke6 35. f4 Nd6 36. g4 h5 37. h3 hxg4 38. hxg4 Ne4 39. a5 bxa5 40.
bxa5 1/2-1/2

[Event "Top16"]
[Site "Evry"]
[Date "2004.04.03"]
[Round "6"]
[White "Fressinet, Laurent"]
[Black "Koch, Jean-Rene"]
[Result "1-0"]
[WhiteElo "2636"]
[BlackElo "2445"]
[PlyCount "67"]
[EventDate "2004.04.02"]
[WhiteTeam "NAO"]
[BlackTeam "Mulhouse"]

1. e4 e5 2. Nf3 Nf6 3. Nxe5 d6 4. Nf3 Nxe4 5. Nc3 Nxc3 6. dxc3 Be7 7. Bf4 O-O
8. Qd2 Nd7 9. O-O-O Re8 10. h4 Nc5 11. Ng5 Bf6 12. Bc4 Be6 13. Nxe6 Nxe6 14.
Be3 Bxh4 15. g4 h6 16. f4 Qe7 17. Rh3 g5 18. Qh2 Rad8 19. Kb1 d5 20. Bd3 c5 21.
Bb5 Rf8 22. f5 d4 23. Bc1 Nc7 24. f6 Qxf6 25. Qxc7 dxc3 26. Rf1 Qe6 27. Rxc3
Rd4 28. Qxc5 Qxg4 29. Rcf3 a6 30. Bd3 Qd7 31. b3 Rd5 32. Qc3 g4 33. Rf5 Bg5 34.
Bb2 1-0

[Event "Top16"]
[Site "Evry"]
[Date "2004.04.03"]
[Round "6"]
[White "Roos, Daniel"]
[Black "Abergel, Thal"]
[Result "1/2-1/2"]
[WhiteElo "2411"]
[BlackElo "2441"]
[PlyCount "96"]
[EventDate "2004.04.02"]
[WhiteTeam "Strasbourg"]
[BlackTeam "Evry"]

1. d4 Nf6 2. Nf3 e6 3. g3 c5 4. Bg2 Nc6 5. O-O d5 6. c4 cxd4 7. Nxd4 Bc5 8. Nb3
Be7 9. Nc3 dxc4 10. Qxd8+ Bxd8 11. Nd2 Na5 12. Nb5 O-O 13. Nd6 c3 14. Nb3 c2
15. Nxa5 Bxa5 16. Nc4 Bc7 17. Ne3 Rd8 18. Nxc2 a5 19. Be3 Nd5 20. Bc5 b6 21.
Bd4 Ba6 22. Rfc1 Bxe2 23. Ne3 Rd7 24. Rc2 Bd3 25. Rd2 Ba6 26. Nxd5 exd5 27. Bh3
Re7 28. Be3 Rd8 29. Rad1 Bb7 30. Bg2 Red7 31. Bh3 Rd6 32. Bg2 Kf8 33. Rd3 f6
34. Bf4 R6d7 35. Bxc7 Rxc7 36. Bxd5 Ba6 37. Bc4 Rxd3 38. Bxd3 Rd7 39. Be2 Rxd1+
40. Bxd1 Ke7 41. f4 Bc4 42. a3 Kd6 43. Kf2 Kc5 44. Ke3 Bd5 45. Be2 b5 46. Bd3
h6 47. Bc2 b4 48. axb4+ axb4 1/2-1/2

[Event "Top16"]
[Site "Evry"]
[Date "2004.04.03"]
[Round "6"]
[White "Paci, Cedric"]
[Black "Payen, Arnaud"]
[Result "1-0"]
[WhiteElo "2240"]
[BlackElo "2386"]
[PlyCount "71"]
[EventDate "2004.04.02"]
[WhiteTeam "Nancy"]
[BlackTeam "Gonfreville"]

1. d4 d5 2. c4 e6 3. Nc3 Be7 4. Nf3 Nf6 5. Qc2 c5 6. dxc5 dxc4 7. e4 Bxc5 8.
Bxc4 Nc6 9. Bg5 Qc7 10. O-O Ng4 11. Nb5 Qb6 12. Bf4 e5 13. Bg3 O-O 14. h3 Nf6
15. Nxe5 a6 16. Nc3 Nd4 17. Qd3 Qd8 18. Rad1 b5 19. Bxf7+ Rxf7 20. Nxf7 Kxf7
21. Be5 Bxh3 22. Bxd4 Bxd4 23. Qxd4 Qxd4 24. Rxd4 Be6 25. e5 Ng4 26. f4 Ne3 27.
f5 Nxf1 28. fxe6+ Kxe6 29. Kxf1 Kxe5 30. Re4+ Kf5 31. Ke2 Rc8 32. Ke3 h5 33.
Ne2 Kg5 34. Nd4 Rc1 35. Re5+ Kg4 36. Nf3 1-0

[Event "Top16"]
[Site "Evry"]
[Date "2004.04.03"]
[Round "6"]
[White "Nikolaidis, Ioannis"]
[Black "Netzer, Jean"]
[Result "1/2-1/2"]
[WhiteElo "2506"]
[BlackElo "2325"]
[PlyCount "146"]
[EventDate "2004.04.02"]
[WhiteTeam "Nice"]
[BlackTeam "Bischwiller"]

1. d4 Nf6 2. c4 g6 3. Nc3 Bg7 4. e4 d6 5. Bg5 h6 6. Be3 Ng4 7. Bc1 e5 8. d5 f5
9. Be2 Nf6 10. exf5 gxf5 11. Bh5+ Nxh5 12. Qxh5+ Kf8 13. f4 Qe8 14. Qh3 Na6 15.
Nge2 Nb4 16. O-O e4 17. Be3 Qg6 18. Rad1 Nd3 19. Rd2 Rg8 20. Bd4 a6 21. Nd1
Bxd4+ 22. Nxd4 Qf6 23. Qe3 Bd7 24. Nf2 Nxf2 25. Rfxf2 a5 26. Rc2 b6 27. Rc3 Rg7
28. Ne2 Kg8 29. Qd4 Qxd4 30. Nxd4 Kh7 31. Nc2 Ra7 32. Ne3 Rg8 33. Rfc2 Kg6 34.
Nf1 Raa8 35. Rg3+ Kh7 36. Rcc3 Rxg3 37. Nxg3 Kg6 38. Ne2 Kf6 39. Kf2 Rg8 40.
Rg3 Rb8 41. Nd4 Kf7 42. Ke3 Kf6 43. Kd2 Kf7 44. Kc3 Ra8 45. Nc2 Kf6 46. Kd4 Kf7
47. Rh3 Kg6 48. Ra3 a4 49. Kc3 Kh5 50. Ne3 Ra5 51. b4 axb3 52. Rxa5 b2 53. Kxb2
bxa5 54. Kc3 Kg6 55. c5 Bb5 56. c6 h5 57. g3 Bd3 58. Kd4 Kf6 59. a3 Kg6 60. Nd1
Kf6 61. Nc3 Kg6 62. Ke3 Kf6 63. a4 Ke7 64. Kd4 Kf6 65. Nd1 Bc2 66. Ne3 Bxa4 67.
Nc4 Bb3 68. Nxd6 Bxd5 69. Ne8+ Kf7 70. Nxc7 Bxc6 71. Na6 a4 72. Nb4 a3 73. Kc3
Bd7 1/2-1/2

[Event "Top16"]
[Site "Evry"]
[Date "2004.04.03"]
[Round "6"]
[White "Riff, Jean-Noel"]
[Black "Nataf, Igor-Alexandre"]
[Result "1/2-1/2"]
[WhiteElo "2372"]
[BlackElo "2569"]
[PlyCount "77"]
[EventDate "2004.04.02"]
[WhiteTeam "Mulhouse"]
[BlackTeam "NAO"]

1. e4 c5 2. Nf3 e6 3. Nc3 Nc6 4. Bb5 Nd4 5. O-O a6 6. Bd3 Ne7 7. Nxd4 cxd4 8.
Ne2 d5 9. exd5 Qxd5 10. c4 Qd6 11. a3 a5 12. b3 Nc6 13. Bb2 Be7 14. f4 O-O 15.
Be4 Bf6 16. Nc1 g6 17. Nd3 Bg7 18. b4 a4 19. b5 Nb8 20. Rc1 Qb6 21. Qe2 Nd7 22.
Qf2 Rd8 23. g3 Nc5 24. Nxc5 Qxc5 25. d3 Ra7 26. Ra1 b6 27. Bc1 Bb7 28. Bxb7
Rxb7 29. Bd2 Qc8 30. Rae1 Bf8 31. Bb4 Qd7 32. Bxf8 Rxf8 33. Re4 Rd8 34. Qb2 Qd6
35. Rb1 Rc7 36. Qb4 Rc5 37. Rbe1 Rcc8 38. Rd1 Rc5 39. Qb2 1/2-1/2

[Event "Top16"]
[Site "Evry"]
[Date "2004.04.03"]
[Round "6"]
[White "Muller, Anne"]
[Black "Skripchenko, Almira"]
[Result "0-1"]
[WhiteElo "2227"]
[BlackElo "2456"]
[PlyCount "82"]
[EventDate "2004.04.02"]
[WhiteTeam "Mulhouse"]
[BlackTeam "NAO"]

1. e4 e5 2. Nf3 Nc6 3. Bc4 Bc5 4. c3 Nf6 5. d3 a6 6. Bb3 Ba7 7. Nbd2 O-O 8. Nf1
d5 9. Qe2 h6 10. Ng3 Re8 11. O-O Be6 12. h3 Na5 13. Bc2 dxe4 14. Nxe4 Nc6 15.
Be3 Nd5 16. Bxa7 Rxa7 17. Rad1 Qc8 18. Nh2 Ra8 19. Rfe1 Nf4 20. Qf3 f5 21. Nc5
Bd5 22. Bb3 Bxb3 23. Nxb3 Ng6 24. Nf1 Kh7 25. Nc5 Rf8 26. Nd2 Rf6 27. Nc4 b6
28. Nb3 Qg8 29. Ne3 Rd8 30. Kh2 Qf7 31. Qe2 a5 32. Qc2 Nh4 33. Qe2 f4 34. Ng4
Rg6 35. Rg1 h5 36. Nxe5 Nxe5 37. Qxh5+ Kg8 38. Qxe5 Rxg2+ 39. Kh1 Rh2+ 40. Kxh2
Nf3+ 41. Kh1 Nxe5 0-1